Einführung in die Abgabenordnung der Bundesrepublik Deutschland.

Poriadok odvodov SRN platí od 1.7.1990 aj pre NDR. Vytvára sa tak pre všetky druhy daní jednotný zákonný predpis. Zahŕňa základné určenia všeobecného daňového práva, ako aj daňových správnych postupov. Oblasti platnosti odvodového poriadku. Vzťah medzi daňami a dlhmi.

Gespeichert in:
Bibliographische Detailangaben
1. Verfasser: Koehnen, R.
Format: Buchkapitel
Sprache:Deutsch
Schlagworte:
Tags: Tag hinzufügen
Keine Tags, Fügen Sie das erste Tag hinzu!

MARC

LEADER 00000naa a2200000 4500
001 r003395
005 20240618122427.2
041 0 |a ger 
044 |a DE 
245 1 0 |a Einführung in die Abgabenordnung der Bundesrepublik Deutschland.  |c R. Koehnen 
520 |a Poriadok odvodov SRN platí od 1.7.1990 aj pre NDR. Vytvára sa tak pre všetky druhy daní jednotný zákonný predpis. Zahŕňa základné určenia všeobecného daňového práva, ako aj daňových správnych postupov. Oblasti platnosti odvodového poriadku. Vzťah medzi daňami a dlhmi. 
610 2 0 |a odvody 
610 2 0 |a Nemecko 
610 2 0 |a NDR 
610 2 0 |a 1990 
610 2 0 |a predpisy daňové 
610 2 0 |a dane 
610 2 0 |a dlhy 
100 1 |a Koehnen, R.